000 00556nam a22001697a 4500
005 20260212124728.0
008 260212b |||||||| |||| 00| 0 eng d
020 _a9781284111484
050 _aRA410.6
_b.R69 2018
100 _aRowitz, Louis,
245 _aEssentials of leadership in public health /
260 _a Burlington, MA :
_bJones & Bartlett Learning,
_c2018.
300 _aviii, 206 pages :
_billustrations ;
_c 28 cm
500 _aIncludes bibliographical references and index.
650 _aPublic Health Administration
942 _2lcc
_cBK
999 _c60179
_d60179